00226nam a22001097a 4500003000400000082001300004100001200017245003400029250000600063260003900069300000800108SGT a340bSEN aSEN A C aLEGAL & COMMERCIAL DICTIONARY a3 aCALCUTTA bEASTERN LAW HOUSEc1979 a834